000 00529nam a2200181Ia 4500
008 090123s9999 xx 000 0 und d
082 _b1202
100 _aकुसुमाग्रज
245 _aकाव्यवाहिनी
250 _a2
260 _bकुलकर्णी अ.अ.
300 _a147
600 _aकुसुमाग्रज
630 _aकाव्यवाहिनी
700 _aकुसुमाग्रज
730 _aकाव्यवाहिनी
942 _cBOOK
999 _c39286
_d39286